Nadnárodní harmonizace účetnictví

Štandard IAS 1 - Zostavovanie a zverejňovanie účtovných výkazov. Súvaha - základný účtovný výkaz. Výkaz zmien vo vlastnom kapitáli. Komentár k účtovným výkazom. Prvé zostavenie účtovnej závierky podľa IAS.

Saved in:
Bibliographic Details
Main Author: Kovanicová, Dana
Format: Book Chapter
Language:Czech
Subjects:
Tags: Add Tag
No Tags, Be the first to tag this record!

MARC

LEADER 00000naa a2200000 4500
001 r042996
005 20230913085800.2
041 0 |a cze 
044 |a CZ 
245 1 0 |a Nadnárodní harmonizace účetnictví  |c Dana Kovanicová 
520 |a Štandard IAS 1 - Zostavovanie a zverejňovanie účtovných výkazov. Súvaha - základný účtovný výkaz. Výkaz zmien vo vlastnom kapitáli. Komentár k účtovným výkazom. Prvé zostavenie účtovnej závierky podľa IAS. 
610 2 0 |a účtovníctvo 
610 2 0 |a štandardy 
610 2 0 |a IAS 
610 2 0 |a závierka účtovná 
610 2 0 |a výkazy účtovné 
610 2 0 |a súvaha 
610 2 0 |a výkaz ziskov a strát 
610 2 0 |a kapitál vlastný 
610 2 0 |a investície finančné 
100 1 |a Kovanicová, Dana